La Historia a través del cine: Estados Unidos. Una mirada a su imaginario colectivo
Saved in:
| Hovedforfatter: | |
|---|---|
| Format: | Bog |
| Sprog: | spansk |
| Udgivet: |
Bilbao
Universidad del País Vasco
2010
|
| Fag: | |
| Tags: |
Tilføj Tag
Ingen Tags, Vær først til at tagge denne postø!
|
MARC
| LEADER | 00000cam a2200000 a 4500 | ||
|---|---|---|---|
| 001 | UCG9311 | ||
| 003 | CL-VaPUC | ||
| 008 | 120309e20100000SP |||||||||||||||||spa|d | ||
| 020 | |a 9788498604719 | ||
| 082 | 0 | 4 | |a 791.437 |b RUB |2 21 |
| 100 | 0 | |a Rubio Pobes, Coro |e author |9 560812 | |
| 245 | 1 | 3 | |a La Historia a través del cine: Estados Unidos. Una mirada a su imaginario colectivo |
| 300 | |a 274 p | ||
| 942 | |c BK | ||
| 945 | |d 20120309 00:00:00 |a dcastane | ||
| 260 | |a Bilbao |b Universidad del País Vasco |c 2010 | ||
| 650 | 0 | |a Cine |9 225706 | |
| 650 | 0 | |a Historia de Estados Unidos |9 354186 | |
| 650 | 0 | |a Crítica e interpretación |9 255042 | |
| 583 | |a last modification |c 20120309 14:21:00 |k Rodrigo Vera | ||
| 999 | |c 346869 |d 346867 | ||
| 952 | |0 0 |1 0 |4 0 |6 791_437000000000000_RUB_2010 |7 0 |8 A |9 447807 |a BIBHIS |b BIBHIS |d 2019-11-22 |i 4843479 |l 1 |o 791.437 RUB 2010 |p 4843479 |r 2025-01-20 |s 2023-10-03 |w 2019-11-22 |y BK |k HIS | ||